漸進曲

資料類型: Book 圖書   書目號:47786

Leader xxxxxxxxxx
001 __ PCLIS00047786
005 __ 20211110093947.0
009 __ |a(CIP)103008813
010 0_ |a978-986-272-597-9|b精裝|dNT$260
100 __ |a20141210d2014    m  y0chiy09      e
101 0_ |achi
102 __ |atw
105 __ |ay   z   000ay
200 1_ |a漸進曲|dSeason of life|zeng|f藤井樹(吳子雲)著
205 __ |a初版
210 __ |a臺北市|c商周出版|c家庭傳媒城邦分公司發行|d2014[民103]
215 0_ |a281面|d22公分|e1 CD
225 1_ |a網路小說|v233
314 __ |a著者本名為吳子雲
510 1_ |aSeason of life|zeng
681 __ |a857.7|b8453
700 _0 |a藤井樹|f1976- |4801 _0 |atw|b內湖高中|c20141210|gCCR
詳細館藏(共 1 筆)
索 書 號登 錄 號冊次號館別 / 館藏地流通類型狀態加入預約清單電子資源
857.7 / 8453 1022219  圖書館 / 一樓普通區 可外借30天 在館   

| 條列資料




目錄查詢 分類查詢 個人資料 圖書薦購 新書查詢 閉館日 排行榜 更多電子資源 Hami書城 線上資料庫 登出

From : 216.73.217.52

  本日流通累計至 00:18:54 借閱 : 0 次 續借 : 0 次 歸還 : 0 次 預約 : 0 次 電子資源 : 0 次


內湖高中圖書館  PCLIS 版本  26.5.0.12